000 00451nam a2200181Ia 4500
001 18792
005 20260306171656.0
008 260306s9999||||xx |||||||||||||| ||und||
041 _aESP
082 _a658.5
_bH36E
100 _aHeizer, Jay
_eAUT
245 0 _aDireccion de la producción:
_bdecisiones estratégicas
260 _c2001
300 _axxvii, 451 páginas :
_c26 cm.
650 _aGEN
654 _aCAN
942 _cLIB
_dJUS
_fJUS
_2ddc
_n
999 _c18792
_d18792